000 00854nam a2200241Ia 4500
001 11135
003 GE_BSU
008 181216s||||||||xx |||||||||||||| ||und||
020 _a5505012345
040 _cGE_BSU
080 _a63(075.8):551.5(075.8)
100 _aმელაძე,გ
245 _aაგრომეტეოროლოგია.
245 _bსახელმძღვ.სას-სამ. და სუბრტოპიკული მეურნეობის ინ-ტის სტუდენტებისათვის.
245 _cრედ:ა.კოტარია.
260 _aთბილისი.
260 _bგანათლება.
260 _c1991.
300 _a374გვ;22სმ.
300 _eცხრ.
653 _aაგრომეტეოროლოგია.
942 _cBK
999 _c44373
_d44373